[Event "GRE-chT 49th"]
[Site "Thessaloniki"]
[Date "2022.08.17"]
[Round "7"]
[White "Pateraki, Kleopatra"]
[Black "Palaiochorinou, Agni"]
[Result "1-0"]
[WhiteElo "1176"]
[BlackElo "1140"]
[PlyCount "137"]
[EventDate "2022.08.12"]
[EventType "team-swiss"]
[EventRounds "7"]
[EventCountry "GRE"]
[SourceTitle "EXT 2024"]
[Source "ChessBase"]
[SourceDate "2023.10.10"]
[SourceVersion "1"]
[SourceVersionDate "2023.10.10"]
[SourceQuality "1"]
[WhiteTeam "Thessaloniki Sach"]
[BlackTeam "Polygyrou ASO"]
[WhiteTeamCountry "GRE"]
[BlackTeamCountry "GRE"]

1. e4 e5 2. Nf3 Nc6 3. Bb5 a6 4. Ba4 b5 5. Bb3 d6 6. c3 Nf6 7. 0-0 Be7 8. d3 0-0 9. h3 Na5 10. Bc2 Bb7 11. Nbd2 Nc6 12. Re1 Re8 13. Nf1 Bf8 14. Ng3 g6 15. Bg5 Bg7 16. Qd2 d5 17. exd5 Qxd5 18. Bb3 Qd7 19. Qe2 Nd5 20. Rad1 Na5 21. Bc2 Bc6 22. Ne4 Nb7 23. Nh2 Kh8 24. Qd2 Re6 25. Nf3 Qe8 26. Bh6 Bxh6 27. Qxh6 Qf8 28. Qxf8+ Rxf8 29. Neg5 Re7 30. Nxe5 Nd8 31. Nxc6 Nxc6 32. Rxe7 Ncxe7 33. Re1 Nf5 34. Bb3 Nfe7 35. Bxd5 Nxd5 36. Ne4 Re8 37. Kf1 Nf4 38. Re3 Nxd3 39. Rxd3 Rxe4 40. Rd7 Rc4 41. Rxf7 Kg8 42. Rf6 a5 43. g3 a4 44. Rf3 Re4 45. Re3 Rc4 46. Ke2 Kf7 47. Kd3 c6 48. Re4 Rc5 49. Rh4 Kg7 50. Rf4 Rd5+ 51. Rd4 Rf5 52. Ke3 Re5+ 53. Re4 Rd5 54. Ke2 Kf7 55. f4 Rh5 56. h4 Rd5 57. g4 h6 58. Rd4 Rc5 59. Kd3 h5 60. g5 Ke7 61. b4 Rd5 62. Rxd5 cxd5 63. Kd4 Kd6 64. a3 Ke6 65. Kc5 Kf5 66. Kxb5 Kxf4 67. Kxa4 Kg4 68. b5 Kxh4 69. b6 1-0

[Event "GRE-chT 49th"]
[Site "Thessaloniki"]
[Date "2022.08.12"]
[Round "1"]
[White "Stratigi, Ioanna"]
[Black "Pateraki, Kleopatra"]
[Result "0-1"]
[WhiteElo "1269"]
[BlackElo "1176"]
[PlyCount "80"]
[EventDate "2022.08.12"]
[EventType "team-swiss"]
[EventRounds "7"]
[EventCountry "GRE"]
[SourceTitle "EXT 2024"]
[Source "ChessBase"]
[SourceDate "2023.10.10"]
[SourceVersion "1"]
[SourceVersionDate "2023.10.10"]
[SourceQuality "1"]
[WhiteTeam "Gaziou SA"]
[BlackTeam "Thessaloniki Sach"]
[WhiteTeamCountry "GRE"]
[BlackTeamCountry "GRE"]

1. e4 c5 2. Nf3 Nc6 3. d4 cxd4 4. Nxd4 d6 5. Nc3 Nf6 6. Bb5 Bd7 7. 0-0 g6 8. Re1 Bg7 9. Nf3 0-0 10. Bf4 Qb6 11. Be3 Qc7 12. Qd2 Rfd8 13. h3 Be6 14. Ng5 Qc8 15. Nd5 Bxd5 16. exd5 Ne5 17. f4 Nc4 18. Qd4 Nxe3 19. Rxe3 Ng4 20. Qe4 Nxe3 21. Qxe7 Rf8 22. Qxe3 Qxc2 23. Re1 Qxb2 24. Kh1 Qxb5 25. Qf3 Rfe8 26. Rc1 Rac8 27. Rf1 Qe2 28. Qxe2 Rxe2 29. f5 gxf5 30. Nf3 Rcc2 31. Rg1 Rxa2 32. Nh4 Ra1 33. Nxf5 Rxg1+ 34. Kxg1 a5 35. Nxd6 Rd2 36. Nc4 Rxd5 37. Kf1 a4 38. Ke2 b5 39. Ne3 Re5 40. Kd3 Rxe3+ 0-1

[Event "GRE-ch U12 Girls"]
[Site "Rio Achaia"]
[Date "2015.06.28"]
[Round "4.6"]
[White "Pateraki, Kleopatra"]
[Black "Pasoglou, Nikoleta"]
[Result "0-1"]
[WhiteElo "1190"]
[BlackElo "1129"]
[PlyCount "84"]
[EventDate "2015.06.26"]
[EventType "swiss"]
[EventRounds "9"]
[EventCountry "GRE"]
[SourceTitle "EXT 2024"]
[Source "ChessBase"]
[SourceDate "2023.10.10"]
[SourceVersion "1"]
[SourceVersionDate "2023.10.10"]
[SourceQuality "1"]

1. e4 e5 2. Nf3 Nc6 3. Bb5 a6 4. Be2 g6 5. d4 d6 6. 0-0 Bg7 7. c3 Nge7 8. d5 Nb8 9. Na3 0-0 10. Nc2 Bg4 11. Ng5 Bxe2 12. Qxe2 h6 13. Nf3 Nd7 14. Ne3 Nc5 15. Ng4 Kh7 16. Qe3 f5 17. Nxh6 f4 18. Nf7 Rxf7 19. Ng5+ Kg8 20. Nxf7 fxe3 21. Nxd8 exf2+ 22. Rxf2 Rxd8 23. Bg5 Re8 24. Raf1 Nxe4 25. Bxe7 Nxf2 26. Bxd6 cxd6 27. Rxf2 e4 28. Re2 Bh6 29. Kf2 Kg7 30. Kg3 Kf6 31. Kf2 Ke5 32. c4 Kd4 33. Kg3 e3 34. Kf3 Kd3 35. Re1 e2 36. Kf2 Bd2 37. g4 Bxe1+ 38. Kxe1 Kxc4 39. h4 Kd3 40. h5 gxh5 41. gxh5 Rf8 42. h6 Rf1# 0-1